Armar a las masas revolucionarias, construir el ejército popular / (Record no. 123808)

MARC details
000 -CABECERA
campo de control de longitud fija 00636nam a2200181 u 4500
005 - FECHA Y HORA DE LA ÚLTIMA TRANSACCIÓN
campo de control 20210223130246.0
008 - ELEMENTOS DE LONGITUD FIJA--INFORMACIÓN GENERAL
campo de control de longitud fija 070905s1975 cu r 000 0 spa d
035 ## - NÚMERO DE CONTROL DEL SISTEMA
Número de control de sistema UPN01000151672
049 ## - COLECCIÓN
Colección CG
050 #4 - SIGNATURA TOPOGRÁFICA DE LA BIBLIOTECA DEL CONGRESO
Número de clasificación UA853 V5
Número de documento/Ítem V6.2
100 1# - ASIENTO PRINCIPAL--NOMBRE PERSONAL
Nombre de persona Vo, Nguyen Giap,
Fechas asociadas al nombre 1912-
9 (RLIN) 33203
245 10 - MENCIÓN DE TÍTULO
Título Armar a las masas revolucionarias, construir el ejército popular /
Mención de responsabilidad, etc. Vo Nguyen Giap ; tr. Giannina Bertarelli.
260 ## - PUBLICACIÓN, DISTRIBUCIÓN, ETC.
Lugar de publicación, distribución, etc. La Habana :
Nombre del editor, distribuidor, etc. Editorial de ciencias sociales,
Fecha de publicación, distribución, etc. 1975.
300 ## - DESCRIPCIÓN FÍSICA
Extensión 263 p.
650 #4 - ASIENTO SECUNDARIO DE MATERIA - TERMINO TEMATICO
Término de materia o nombre geográfico como elemento de entrada ARTE Y CIENCIA MILITARES
9 (RLIN) 2627
651 #4 - ASIENTO SECUNDARIO DE MATERIA - NOMBRE GEOGRAFICO
Nombre geográfico VIETNAM (REPUBLICA DEMOCRATICA, 1946- ) -
Subdivisión general FUERZAS ARMADAS
9 (RLIN) 18980
905 ## - TIPO DE MATERIAL
Tipo de material Libro
Holdings
Estado de retiro Estado de pérdida Fuente del sistema de clasificación o colocación Estado dañado No para préstamo Código de colección Localización permanente Ubicación/localización actual Ubicación en estantería Total de préstamos Clasificación Código de barras Fecha visto por última vez Número de copia Tipo de ítem Koha
    Library of Congress Classification     Colección General Bib. Gregorio Torres Quintero Bib. Gregorio Torres Quintero Planta baja 1 UA853 V5 V6.2 252113 31/12/2020 1 Libro